Contesting antiquity in Egypt : archaeologies, museums & the struggle for identities from World War I to Nasser /

Saved in:

Main Author: Reid, Donald M., 1940- (Author)

Format: Book

Language: English

Published: Cairo : The American University in Cairo Press, 2019.

Edition: Paperback edition.

Subjects:

Tags: Add Tag

No Tags, Be the first to tag this record!

Call Number: DT60 .R45 2019

LEADER 01830namaa2200301 4500
003 OSt
005 20260505075657.0
008 260219s2019 ua ab b 001 0 eng d
020 |a 9789774169380 
020 |a 9774169387 
040 |c ARCE Library 
043 |a f-ua--- 
050 4 |a DT60 .R45 2019 
100 1 |a Reid, Donald M.,   |q (Donald Malcolm),   |d 1940-,   |e author 
245 1 0 |a Contesting antiquity in Egypt :  |b archaeologies, museums & the struggle for identities from World War I to Nasser /   |c Donald Malcolm Reid. 
250 |a Paperback edition. 
264 1 |a Cairo :  |b The American University in Cairo Press,  |c 2019. 
300 |a xxii, 491 pages :  |b illustrations, maps ;  |c 23 cm. 
500 |a Published in hardcover in 2015. 
504 |a Includes bibliographical references and index. 
505 0 |a Egyptology and Pharaonism to 1930. Egyptology and Pharaonism in Egypt before Tutankhamun -- Nationalizing Tutankhamun -- Western Egyptology in Egypt in the wake of Tutankhamun, 1922-1930 -- Egyptian Egyptology and Pharaonism in the wake of Tutankamon, 1922- 1930 -- Tourism and Islamic, Coptic, and Greco-Roman archaeologies. Consuming antiquity : Western tourism between two revolutions, 1919-1952 -- In the shadow of Egyptology Islamic art and archaeology to 1952 -- Copts and archaeology : sons of Saint Mark/sons of the pharaons -- Alexandria, Egypt, and the Greco-Roman heritage -- Egyptology and Pharaonism to Nasser's revolution. Contesting Egyptology in the 1930s -- Pharaonism and its challengers in the 1930s and 1940s -- Egyptology in the twilight of empire and monarchy, 1939-1952. 
650 0 |a Egyptology  |x History. 
650 0 |a Excavations (Archaeology)  |z Egypt. 
651 0 |a Egypt  |x Antiquities. 
651 0 |a Egypt   |x History   |y 20th century. 
901 |a reviewed 
942 |c BK  |2 lcc 
999 |c 2297  |d 2297